| 000 | 01344nam0a22003131 4500 | ||
|---|---|---|---|
| 001 | rc\2282741 | ||
| 005 | 20260407105520.0 | ||
| 035 | _a(NLR Aleph) 006561841 | ||
| 090 |
_a6851920 _c6851920 |
||
| 100 | _a20110829d1976 |||y0rusy50 ca | ||
| 101 | 0 | _arus | |
| 102 | _aRU | ||
| 105 | _aa z ||||| | ||
| 200 | 1 |
_aАдаптивное управление и обработка информации в автоматизированных системах _e[Сборник статей] _fАН КиргССР, Ин-т автоматики _g[Отв. ред. д-р техн. наук В.П. Живоглядов] |
|
| 210 |
_aФрунзе _cИлим _d1976 |
||
| 215 |
_a173 с. _cил. _d21 |
||
| 320 | _aСписки лит. в конце статей | ||
| 606 |
_aАвтоматические системы управления, приспосабливающиеся _jСборники _2psbo |
||
| 686 |
_aЗ965-01с11я43 _2rubbk |
||
| 686 |
_aЛ455-5-05я43 _2rubbk |
||
| 702 | 1 |
_aЖивоглядов _bВ.П. _gВалерий Петрович _4340 |
|
| 712 | 0 | 2 |
_aИнститут автоматики _cФрунзе _3RU\NLR\AUTH\889937299 _9369389 |
| 801 | 0 |
_aRU _bNLR _gpsbo |
|
| 801 | 1 |
_aRU _bELAR _2rusmarc |
|
| 852 |
_aNLR _j77-3/3689 |
||
| 899 |
_aRuMoRGB _jБ 77-2/952 |
||
| 899 |
_aRuMoRGB _jБ 77-2/953 |
||
| 942 | _cBOOK | ||
| 980 | _aNB | ||